Kpop idols qui sont partis trop tôt - Statistiques

Statistiques générales
  • Ce quiz a été pris 311 fois
  • Le résultat moyen est 3 sur 10
Statistiques - réponses
Date de Mort Idol % Correct
19 avril 2023 Moonbin
91%
18 décembre 2017 Jonghyun
60%
14 octobre 2019 Sulli
56%
24 novembre 2019 Goo Hara
27%
3 septembre 2014 EunB
7%
7 septembre 2014 Kwon RisE
7%
16 juin 2020 Yohan
7%
24 février 2015 Ahn Sojin
2%
29 octobre 2022 Lee Jihan
2%
14 avril 2018 Tany
1%
Aucun quiz correspondant
Distribution des résultats
% des personnes avec chaque résultat
Percentile par nombre de réponses
Votre historique - résultats
Vous n’avez pas pris ce quiz